| 000 | 00423nam a2200157Ia 4500 | ||
|---|---|---|---|
| 008 | 230711s9999||||xx |||||||||||||| ||und|| | ||
| 041 | _aENG | ||
| 082 |
_a621.3192 _bPA-E |
||
| 100 | _aPai,M.A | ||
| 245 | 0 | _aIntroduction to electric circuits and machines | |
| 250 | _a1st | ||
| 260 |
_c1991 _aNew Delhi _bEWP(Affiliated East-West Press Private Limited) |
||
| 300 | _a388 | ||
| 650 | _aElectrical Engineering | ||
| 942 | _cBK | ||
| 999 |
_c1874 _d1874 |
||